Data Management and Analytics for Medicine and Healthcare (Запис № 450365)

МАРК-запис
000 -LEADER
fixed length control field 04207nam a22006735i 4500
001 - CONTROL NUMBER
control field 978-3-319-67186-4
003 - CONTROL NUMBER IDENTIFIER
control field DE-He213
005 - DATE AND TIME OF LATEST TRANSACTION
control field 20210118141725.0
007 - PHYSICAL DESCRIPTION FIXED FIELD--GENERAL INFORMATION
fixed length control field cr nn 008mamaa
008 - FIXED-LENGTH DATA ELEMENTS--GENERAL INFORMATION
fixed length control field 170825s2017 gw | s |||| 0|eng d
020 ## - INTERNATIONAL STANDARD BOOK NUMBER
International Standard Book Number 9783319671864
-- 978-3-319-67186-4
024 7# - OTHER STANDARD IDENTIFIER
Standard number or code 10.1007/978-3-319-67186-4
Source of number or code doi
050 #4 - LIBRARY OF CONGRESS CALL NUMBER
Classification number QA76.9.D3
072 #7 - SUBJECT CATEGORY CODE
Subject category code UN
Source bicssc
072 #7 - SUBJECT CATEGORY CODE
Subject category code COM021000
Source bisacsh
072 #7 - SUBJECT CATEGORY CODE
Subject category code UN
Source thema
072 #7 - SUBJECT CATEGORY CODE
Subject category code UMT
Source thema
082 04 - DEWEY DECIMAL CLASSIFICATION NUMBER
Classification number 005.74
Edition number 23
245 10 - TITLE STATEMENT
Title Data Management and Analytics for Medicine and Healthcare
Medium [electronic resource] :
Remainder of title Third International Workshop, DMAH 2017, Held at VLDB 2017, Munich, Germany, September 1, 2017, Proceedings /
Statement of responsibility, etc edited by Edmon Begoli, Fusheng Wang, Gang Luo.
250 ## - EDITION STATEMENT
Edition statement 1st ed. 2017.
264 #1 -
-- Cham :
-- Springer International Publishing :
-- Imprint: Springer,
-- 2017.
300 ## - PHYSICAL DESCRIPTION
Extent XII, 155 p. 63 illus.
Other physical details online resource.
336 ## -
-- text
-- txt
-- rdacontent
337 ## -
-- computer
-- c
-- rdamedia
338 ## -
-- online resource
-- cr
-- rdacarrier
347 ## -
-- text file
-- PDF
-- rda
490 1# - SERIES STATEMENT
Series statement Information Systems and Applications, incl. Internet/Web, and HCI ;
Том/ позначення послідовності 10494
505 0# - FORMATTED CONTENTS NOTE
Formatted contents note Data privacy and trustability for electronic health records -- Biomedical data management and Integration -- Online mining of health related data -- Clinical data analytics.
520 ## - SUMMARY, ETC.
Summary, etc This book constitutes the thoroughly refereed conference proceedings of the Third International Workshop on Data Management and Analytics for Medicine and Healthcare, DMAH 2017, in Munich, Germany, in September 2017, held in conjunction with the 43rd International Conference on Very Large Data Bases, VLDB 2017.  The 9 revised full papers presented together with 2 keynote abstracts were carefully reviewed and selected from 16 initial submissions. The papers are organized in topical sections on data privacy and trustability for electronic health records; biomedical data management and Integration; online mining of Health related data; and clinical data analytics.
506 ## - RESTRICTIONS ON ACCESS NOTE
Terms governing access Available to subscribing member institutions only. Доступно лише організаціям членам підписки.
506 ## - RESTRICTIONS ON ACCESS NOTE
Standardized terminology for access restriction Online access from local network of NaUOA.
506 ## - RESTRICTIONS ON ACCESS NOTE
Standardized terminology for access restriction Online access with authorization at https://link.springer.com/
506 ## - RESTRICTIONS ON ACCESS NOTE
Standardized terminology for access restriction Онлайн-доступ з локальної мережі НаУОА.
506 ## - RESTRICTIONS ON ACCESS NOTE
Standardized terminology for access restriction Онлайн доступ з авторизацією на https://link.springer.com/
650 #0 - SUBJECT ADDED ENTRY--TOPICAL TERM
Topical term or geographic name as entry element Database management.
650 #0 - SUBJECT ADDED ENTRY--TOPICAL TERM
Topical term or geographic name as entry element Data mining.
650 #0 - SUBJECT ADDED ENTRY--TOPICAL TERM
Topical term or geographic name as entry element Application software.
650 #0 - SUBJECT ADDED ENTRY--TOPICAL TERM
Topical term or geographic name as entry element Computer system failures.
650 #0 - SUBJECT ADDED ENTRY--TOPICAL TERM
Topical term or geographic name as entry element Optical data processing.
650 14 - SUBJECT ADDED ENTRY--TOPICAL TERM
Topical term or geographic name as entry element Database Management.
-- http://scigraph.springernature.com/things/product-market-codes/I18024
650 24 - SUBJECT ADDED ENTRY--TOPICAL TERM
Topical term or geographic name as entry element Data Mining and Knowledge Discovery.
-- http://scigraph.springernature.com/things/product-market-codes/I18030
650 24 - SUBJECT ADDED ENTRY--TOPICAL TERM
Topical term or geographic name as entry element Information Systems Applications (incl. Internet).
-- http://scigraph.springernature.com/things/product-market-codes/I18040
650 24 - SUBJECT ADDED ENTRY--TOPICAL TERM
Topical term or geographic name as entry element System Performance and Evaluation.
-- http://scigraph.springernature.com/things/product-market-codes/I13049
650 24 - SUBJECT ADDED ENTRY--TOPICAL TERM
Topical term or geographic name as entry element Image Processing and Computer Vision.
-- http://scigraph.springernature.com/things/product-market-codes/I22021
700 1# - ADDED ENTRY--PERSONAL NAME
Personal name Begoli, Edmon.
Relator term editor.
-- (orcid)0000-0002-2173-3663
-- https://orcid.org/0000-0002-2173-3663
Relator code edt
-- http://id.loc.gov/vocabulary/relators/edt
700 1# - ADDED ENTRY--PERSONAL NAME
Personal name Wang, Fusheng.
Relator term editor.
Relator code edt
-- http://id.loc.gov/vocabulary/relators/edt
700 1# - ADDED ENTRY--PERSONAL NAME
Personal name Luo, Gang.
Relator term editor.
Relator code edt
-- http://id.loc.gov/vocabulary/relators/edt
710 2# - ADDED ENTRY--CORPORATE NAME
Corporate name or jurisdiction name as entry element SpringerLink (Online service)
773 0# - HOST ITEM ENTRY
Title Springer eBooks
776 08 - ADDITIONAL PHYSICAL FORM ENTRY
Display text Printed edition:
International Standard Book Number 9783319671857
776 08 - ADDITIONAL PHYSICAL FORM ENTRY
Display text Printed edition:
International Standard Book Number 9783319671871
830 #0 - SERIES ADDED ENTRY--UNIFORM TITLE
Uniform title Information Systems and Applications, incl. Internet/Web, and HCI ;
Volume number/sequential designation 10494
856 40 - ELECTRONIC LOCATION AND ACCESS
Uniform Resource Identifier <a href="https://doi.org/10.1007/978-3-319-67186-4">https://doi.org/10.1007/978-3-319-67186-4</a>
912 ## -
-- ZDB-2-SCS
912 ## -
-- ZDB-2-LNC
942 ## - ADDED ENTRY ELEMENTS (KOHA)
Koha item type ЕКнига

Немає доступних примірників.